Účelové zlučovanie spoločností v trestnoprávnom kontexte

Analýza účelového zlučovania spoločností nielen v kontexte tresného práva. Trestný čin nekalej likvidácie.

Na minha lista:
Detalhes bibliográficos
Autor principal: Strémy, Tomáš
Formato: Capítulo de Livro
Idioma:eslovaco
Assuntos:
Tags: Adicionar Tag
Sem tags, seja o primeiro a adicionar uma tag!

MARC

LEADER 00000naa a2200000 4500
001 0249313
005 20181204084921.8
041 0 |a slo 
044 |a SK 
245 1 0 |a Účelové zlučovanie spoločností v trestnoprávnom kontexte  |c Tomáš Strémy 
520 |a Analýza účelového zlučovania spoločností nielen v kontexte tresného práva. Trestný čin nekalej likvidácie. 
610 2 0 |a likvidácia podniku 
610 2 0 |a spoločnosti obchodné 
610 2 0 |a činnosť nelegálna 
610 2 0 |a činnosť trestná 
610 2 0 |a právo trestné 
610 2 0 |a zákonník obchodný 
610 2 0 |a Slovensko 
100 1 |a Strémy, Tomáš